| 000 | 00445nam a2200157 4500 | ||
|---|---|---|---|
| 001 | 149015 | ||
| 003 | ES-MaACL | ||
| 005 | 20230906202917.0 | ||
| 007 | t| | ||
| 008 | 070214s1953 sp r ||||1| spa d | ||
| 100 | 1 |
_aSuso Gil, Pedro. _9108858 |
|
| 245 | 1 | 0 |
_aFragancias _b: selección poética / _cPedro Suso Gil. |
| 260 |
_aBilbao : _b[s. n.], _c1953 ( _fImp. Gutemberg) |
||
| 300 |
_a150 p. ; _c17 cm. |
||
| 852 |
_aES-MaACL _jD-9218 _bR.34340 |
||
| 999 |
_c149015 _d149015 |
||